[Event "Chess24 Legends of Chess"]
[Site "Online"]
[Date "2020.07.18"]
[Round "7.2"]
[White "Nepomniachtchi, Ian"]
[Black "Leko, Peter"]
[Result "1/2-1/2"]
[WhiteElo "2778"]
[BlackElo "2710"]
[Annotator "TA"]
[PlyCount "76"]
[EventDate "2020.07.21"]
[EventType "tourn"]
[SourceTitle "playchess.com"]
[Source "ChessBase"]
[SourceQuality "1"]

{[%evp 10,76,1,0,0,13,7,0,0,0,-5,12,0,0,0,0,0,0,0,-34,-4,-41,0,0,0,0,0,0,0,0,0,0,-4,-22,0,0,0,0,0,0,0,0,0,0,0,0,0,0,0,0,0,0,0,0,0,-6,-6,0,0,0,0,0,0,0,0,0,0,0,0]} 1. d4 Nf6 2. c4 e6 3. Nc3 Bb4 4. Nf3 O-O 5. Bg5 c5 6. Rc1 cxd4 {E21: Nimzo-Indian: 4 Nf3.} 7. Nxd4 h6 8. Bh4 d5 $1 {The main line 8...d5 scores better than 8...Nc6.} 9. cxd5 g5 10. Bg3 {next dxe6 is good for White.} Qxd5 11. e3 Qxa2 12. Qc2 Bxc3+ 13. Qxc3 {[#] Hoping for Bc4.} Ne4 14. Qc2 Qa5+ 15. Ke2 Nxg3+ 16. hxg3 {The position is equal.} Kg7 $1 17. f4 $1 {[#]} Nc6 $146 ({Predecessor:} 17... Bd7 18. b4 Qxb4 19. fxg5 Rc8 20. gxh6+ Kh8 21. Qxc8+ Bxc8 22. Rxc8+ Kh7 23. Nf3 f6 {1-0 (33) Carlsen,M (2863)-So,W (2770) chess24.com INT 2020}) 18. Nxc6 bxc6 19. Kf2 $1 Rd8 {Threatens to win with ...Rd2+.} 20. Rd1 Rxd1 21. Qxd1 Qf5 22. Qd6 Qd5 23. Qa3 a5 24. Qc3+ {[#]} e5 $1 {[%mdl 512]} 25. Bc4 (25. Qxe5+ Qxe5) 25... Qd6 26. fxe5 Qb4 27. Qd4 Be6 28. Bxe6 {Bc4 is the strong threat.} Qxd4 29. exd4 {Black must now prevent Bc4.} fxe6 $11 {[%mdl 4096] Endgame KR-KR} 30. Rc1 Ra6 31. g4 Rb6 32. b3 Rxb3 33. Rxc6 Rd3 34. Rxe6 Rxd4 35. Re7+ Kg6 36. Re6+ Kg7 37. Re7+ Kg6 38. Re6+ Kg7 {An uneventful encounter. Accuracy: White = 100%, Black = 97%.} 1/2-1/2

[Event "Chess24 Legends of Chess"]
[Site "Online"]
[Date "2020.07.18"]
[Round "7.2"]
[White "Kramnik, Vladimir"]
[Black "Ivanchuk, Vasyl"]
[Result "0-1"]
[WhiteElo "2756"]
[BlackElo "2686"]
[Annotator "TA"]
[PlyCount "76"]
[EventDate "2020.07.21"]
[EventType "tourn"]
[SourceTitle "playchess.com"]
[Source "ChessBase"]
[SourceQuality "1"]

{[%evp 33,76,52,50,31,23,31,26,0,25,0,50,41,43,0,0,0,0,0,0,0,0,0,0,-52,-39,-42,-52,-23,-48,-23,-32,-134,-103,-102,-107,-721,-698,-721,-717,-698,-703,-700,-693,-636,-565]} 1. e4 c5 2. Nf3 d6 3. d4 cxd4 4. Nxd4 Nf6 5. Nc3 g6 6. Be3 Bg7 7. f3 Nc6 8. Qd2 O-O 9. O-O-O d5 10. exd5 Nxd5 11. Nxc6 bxc6 12. Bd4 e5 13. Bc5 Be6 14. Ne4 Re8 15. h4 h6 16. g4 Qc7 17. g5 h5 18. Qe1 {B76: Sicilian Dragon: Yugoslav Attack, 9 g4 and 9 0-0-0.} Nf4 19. Bd6 Qb6 20. Bc5 {White has an edge.} Qc7 21. c4 Bd5 22. Bd6 Qb6 23. Bc5 ({Don't play} 23. cxd5 cxd5 24. Rh2 dxe4 $15) 23... Qc7 24. Rh2 Bxe4 25. Bd6 Qc8 26. Qxe4 c5 $1 27. b4 Bf8 28. bxc5 (28. b5 $11) 28... Qa6 $1 $15 29. Rb2 ({Don't go for} 29. Bxe5 $2 Bg7 $19) 29... Qa3 30. Kb1 ({Don't blunder} 30. Bxe5 $2 Bg7 $19) 30... Bxd6 31. cxd6 {[#] And now d7 would win.} Rab8 {[%csl Gb8][%cal Ra3b2]} 32. Rb7 (32. Qc2 $1 $15) 32... Red8 33. c5 Qxc5 $40 {[%mdl 128] Hoping for ...Nd5! Black goes for the king.} 34. d7 $2 {[%mdl 8192] [#] White does not recover from this.} (34. Rb3 $17) 34... Nd5 $1 $19 {[%mdl 512] Black is clearly winning.} 35. Qxd5 (35. Rxd5 Rxb7+) 35... Qxd5 36. Rxd5 Rxb7+ 37. Kc2 Rdxd7 38. Rxe5 Rd4 {Accuracy: White = 60%, Black = 94%.} 0-1

[Event "Chess24 Legends of Chess"]
[Site "Online"]
[Date "2020.07.18"]
[Round "7.2"]
[White "Giri, Anish"]
[Black "Ding, Liren"]
[Result "1/2-1/2"]
[WhiteElo "2731"]
[BlackElo "2836"]
[Annotator "TA"]
[PlyCount "188"]
[EventDate "2020.07.21"]
[EventType "tourn"]
[SourceTitle "playchess.com"]
[Source "ChessBase"]
[SourceQuality "1"]

{[%evp 9,188,35,26,20,35,27,28,20,19,13,8,12,42,30,34,29,29,32,60,49,52,45,51,50,71,70,70,70,70,68,72,77,93,79,79,85,86,70,94,102,96,104,100,102,87,111,113,87,131,77,72,-47,-54,-54,-56,-43,-45,-56,-48,-49,-55,-85,-101,-159,-140,-174,-199,-152,-177,-29952,-29955,-29948,-2833,-1756,-177,-2644,-2000,-255,-255,-29960,-29961,-29957,-29959,-12829,-12796,-6295,-333,-333,-324,-305,-137,-139,-137,-137,-137,-137,-137,-154,-137,-229,-209,-202,-209,-211,-158,-158,-158,-470,-198,-213,-137,-137,-131,-131,-13,-130,-130,-131,-131,-131,-130,-131,-131,-131,-131,-131,-131,-131,0,-8,-8,-71,-58,-131,-130,-130,-67,-137,-137,-137,-137,-137,-130,-137,-137,-29990,-29991,-29991,-8,-8,-8,-8,-8,-8,-8,-8,-8,-8,-8,-8,0,-8,0,-8,-8,-8,-8,-8,-8,-8,-8,-8,-8,-8,-8,-8,-8,-8,-8,-8,-8]} 1. c4 e5 2. Nf3 e4 3. Nd4 Nc6 4. e3 {[#]} Qf6 $146 ({Predecessor:} 4... Nf6 5. Nc3 Bb4 6. Qb3 Nxd4 7. exd4 a5 8. a3 Bxc3 9. dxc3 a4 10. Qc2 h6 11. Be2 d6 12. h3 {1-0 (36) Van Foreest,J (2682)-Giri,A (2764) chess24.com INT 2020}) 5. Nb5 Qd8 $1 6. d3 {A20: English Opening: 1...e5.} Nf6 7. N1c3 a6 8. Nd4 {White has an edge.} Bb4 9. Qb3 Nxd4 10. exd4 Qe7 11. dxe4 Qxe4+ 12. Be3 Bxc3+ $1 13. Qxc3 d5 14. f3 Qe7 15. c5 O-O 16. O-O-O Re8 17. Re1 Bf5 18. g4 Bg6 19. h4 h5 20. g5 $1 Nd7 21. Bh3 Nf8 22. Bd2 Qd8 23. b3 b6 24. Kb2 a5 25. a4 Ne6 26. Re5 bxc5 27. dxc5 Rb8 28. Rhe1 Rb4 29. Bxe6 (29. f4 $142 Be4 30. Qe3) 29... fxe6 $16 30. Rxe6 (30. Qe3 $16 Rxh4 31. Rxe6) 30... Rxe6 $15 31. Rxe6 d4 32. Qc1 {[#]} Rxb3+ $1 {[%mdl 576] Decoy} 33. Kxb3 Qd5+ {[%mdl 64] Double Attack} 34. Ka3 ({Don't go for} 34. Qc4 $2 Bc2+ $1 {[%mdl 512]} 35. Kb2 Qxc4 $19) 34... Qxe6 35. Qb2 Qe5 36. Bxa5 ({White should try} 36. Qb5) 36... Qxc5+ $17 37. Bb4 Qe5 $1 38. Qc1 Qd5 39. Qxc7 $2 (39. Kb2 $19) 39... Qxf3+ 40. Kb2 Qf2+ 41. Ka3 Qxh4 $2 (41... Qe3+ 42. Kb2 Qe2+ 43. Kc1 Qf1+ 44. Kb2 Qb1+ 45. Ka3 Qa1+ 46. Kb3 Bf7+ 47. Kc2 Qxa4+ {[%mdl 64] Double Attack} 48. Kd3 Qb3+ 49. Bc3 Qd1+ 50. Ke4 Qg4+ 51. Kd3 Bg6+ 52. Kc4 dxc3+ 53. Kxc3 Qxh4) 42. a5 $2 (42. Bd2) 42... Qh3+ $19 43. Kb2 Qg2+ 44. Ka3 $2 (44. Kb3 $19) 44... Qf3+ $1 45. Kb2 Qe2+ 46. Kc1 h4 47. a6 Qxa6 $2 (47... Qa2 48. Ba5 d3) 48. Qd8+ Kh7 49. Qxd4 Qf1+ (49... Qe2 $19 {[%csl Gg6][%cal Re2c2] is more deadly.} 50. Bd2 Qf1+ 51. Kb2 h3) 50. Kd2 $17 Qg2+ 51. Ke1 Qg3+ (51... Qxg5 $2 52. Bd2) 52. Qf2 Qe5+ 53. Qe2 Qxg5 54. Be7 (54. Bd2 $17 {keeps fighting.} Qd5 55. Bf4) 54... Qg3+ 55. Qf2 Qe5+ 56. Qe2 Qc3+ 57. Qd2 Qf3 58. Qf2 $2 (58. Bd6 $17) 58... Qe4+ (58... Qh1+ $142 59. Ke2 Bh5+ 60. Ke3 Qh3+ 61. Kf4 Qg4+ 62. Ke5 h3) 59. Qe2 $19 {intending Qxe4.} Qb7 60. Kf2 h3 {( -> ...h2)} 61. Kg3 Qh1 (61... Qd7 $17 62. Bg5 Qf5) 62. Bc5 (62. Kh4 $1 $11 {was the only way to keep the balance.}) 62... Qd5 $17 63. Be3 Qe6 64. Qf2 Bf5 65. Kh2 Qe4 66. Bf4 Be6 67. Qh4+ Kg8 {[%csl Gh3][%cal Re4g2]} 68. Qf2 Kh7 (68... Bf5 $17 69. Qa2+ Be6) 69. Qh4+ $1 $11 Kg6 {[%csl Gh3][%cal Re4g2]} 70. Qg3+ (70. Qg5+ $11 {remains equal.} Kf7 71. Qh5+ Ke7 72. Qc5+ Kf7 73. Qh5+ Qg6 74. Qxg6+ Kxg6 75. Be5) 70... Kf7 $1 $17 71. Qf2 (71. Be5 $15) 71... Ke8 72. Bg3 {[#]} g5 (72... Qd5 $1 $17 {Threatens to win with ...g5.} 73. Qe2 Kf7) 73. Qb2 (73. Bb8 $15) 73... Kf7 {White must now prevent ...Bd5.} 74. Qf2+ Kg6 75. Qf1 Bd7 {...Be6 is the strong threat.} 76. Qf2 Bc6 {[%csl Gc6][%cal Re4h1]} 77. Kxh3 $2 {[%mdl 8192]} (77. Qg1 $17) 77... Qh1+ 78. Bh2 {[#]} Bd7+ $2 (78... Qd1 $1 {mates} 79. Bg3 Bd5 80. Bh4 Qh1+ 81. Kg4 Be6+ 82. Qf5+ Bxf5+ 83. Kg3 Qe1+ 84. Kh2 gxh4 85. Kg2 Be4+ 86. Kh3 Qg3#) 79. Kg3 $11 {The position is equal.} Qe4 {[%csl Gd7][%cal Re4g4]} 80. Qf3 Qe1+ 81. Kg2 Qd2+ 82. Kg1 Qc1+ 83. Qf1 Qe3+ 84. Qf2 Qc1+ 85. Qf1 $1 {[%cal Rf1c1]} Qe3+ 86. Qf2 Qe4 {And now ...Bc6 would win.} 87. Qg2 Qd3 {Hoping for ...Qb1+.} 88. Bg3 Be6 {aiming for ...Bd5.} 89. Be1 Bd5 90. Qg3 Qe4 91. Bd2 Qd4+ {[%mdl 64] Double Attack} 92. Be3 Qd1+ 93. Kf2 Qc2+ 94. Ke1 Qb1+ {Accuracy: White = 66%, Black = 74%.} 1/2-1/2

[Event "Chess24 Legends of Chess"]
[Site "Online"]
[Date "2020.07.18"]
[Round "7.3"]
[White "Ding, Liren"]
[Black "Giri, Anish"]
[Result "0-1"]
[WhiteElo "2836"]
[BlackElo "2731"]
[Annotator "TA"]
[PlyCount "110"]
[EventDate "2020.07.21"]
[EventType "tourn"]
[SourceTitle "playchess.com"]
[Source "ChessBase"]
[SourceQuality "1"]

{[%evp 13,110,-9,0,-4,6,0,32,33,71,43,33,35,34,40,46,28,49,48,29,44,43,27,39,51,39,8,37,12,18,4,6,0,23,0,0,0,0,0,0,0,0,0,0,0,51,0,0,0,-13,-8,29,-40,6,-147,-147,-561,-565,-605,-606,-585,0,0,0,-118,-118,-127,-105,-102,-113,-101,-56,-70,-57,-77,-71,-70,0,-180,-187,-187,-187,-187,-187,-188,-188,-188,-188,-188,-188,-431,-285,-779,-772,-882,-831,-5123,-5123,-4989,-4896]} 1. d4 Nf6 2. c4 e6 3. Nc3 Bb4 4. e3 O-O 5. Bd3 d5 6. cxd5 exd5 7. Nge2 Re8 8. Bd2 {is currently scoring better than 8.0-0. Played by Yangyi Yu in March 2020. E48: Nimzo-Indian: Rubinstein: 5 Bd3 d5 including 6 Ne2, but excluding 6 a3.} b6 9. Rc1 {[#]} Bd6 $1 $146 {[%mdl 8] A top novelty.} ({Predecessor:} 9... Bf8 10. O-O c5 11. b3 Ba6 12. Bxa6 Nxa6 13. Nf4 Qd7 14. Qf3 Rad8 15. dxc5 bxc5 {½-½ (28) Meskovs,N (2550)-Kovalev,V (2674) Puhajarve 2019}) 10. Nb5 $1 {White is slightly better.} c5 11. Nxd6 Qxd6 12. dxc5 bxc5 13. Bc3 Nbd7 14. O-O Ne5 15. Bb5 Bd7 16. Bxd7 Nexd7 17. Ng3 Ne4 18. Nxe4 Rxe4 19. Rc2 Rd8 20. Rd2 Nf8 21. Qf3 Qe6 22. h3 Ng6 23. Rfd1 h6 24. Qg3 Rd7 25. b3 Kh7 26. Bb2 f5 27. Kh2 f4 28. exf4 Rxf4 (28... Nxf4 $11 29. Ba3 c4 30. bxc4 Rxc4) 29. Qe3 (29. Qc3 $14) 29... Qc6 $1 $11 30. Qd3 d4 31. Rc1 Qd6 {White must now prevent ...Rf3+.} 32. Kg1 (32. g3 $11 Rf6 33. Ba3) 32... Rdf7 33. Ba3 $2 (33. b4 $11 cxb4 34. Bxd4) 33... R4f5 $17 34. Rdc2 $2 {[%mdl 8192]} (34. Qe4 $17 {is a better chance.}) 34... Nf4 $1 $19 {[%cal Rf4d3]} 35. Qe4 {[%cal Ra3c5]} Qg6 36. Kh1 {[#]} Rg5 $2 ({Black should play} 36... Re7 $1 $19 {[%mdl 512]} 37. Qf3 (37. Qxe7 Qxg2#) 37... Ne2 {[%mdl 64] Discovered Attack} 38. Rxe2 Rxf3 39. Rxe7 Rxf2 {[%mdl 64] Double Attack}) 37. Qxg6+ $11 Rxg6 38. f3 {[#]} (38. Bxc5 $11 Nd3 39. Bxd4 Nxc1 40. Rxc1) 38... d3 $1 $17 {[%cal Rd3c2]} 39. Rf2 Re7 {And now ...Re2 would win.} 40. Bxc5 Re2 $36 {[%mdl 2048] Keeping White busy.} 41. Rd1 Rc6 ({But not} 41... Rxg2 $6 42. Rxg2 Nxg2 43. Rxd3 $11) 42. Bxa7 Ra6 43. Bd4 Raxa2 44. Kg1 Ne6 ({Black should try} 44... Rac2 $15) 45. Bb6 $2 (45. Be3 $1 $11 {and White is okay.}) 45... Ra6 $19 46. Rxd3 Re1+ 47. Kh2 {Threatens to win with Be3.} Rxb6 48. Rc2 Rb1 49. h4 Kg6 50. Rcc3 Rb2 {...Nf4 is the strong threat.} 51. Kg3 $2 (51. Rc4) 51... Kf6 52. Re3 $2 (52. Rc4) 52... g5 {Black is clearly winning.} 53. hxg5+ hxg5 54. Rc8 Nf4 {[%csl Gf4][%cal Rb2g2]} 55. Rf8+ {[#]} Kg7 $1 {Accuracy: White = 58%, Black = 75%.} 0-1

[Event "Chess24 Legends of Chess"]
[Site "Online"]
[Date "2020.07.18"]
[Round "7.3"]
[White "Svidler, Peter"]
[Black "Carlsen, Magnus"]
[Result "1/2-1/2"]
[WhiteElo "2742"]
[BlackElo "2881"]
[Annotator "TA"]
[PlyCount "99"]
[EventDate "2020.07.21"]
[EventType "tourn"]
[SourceTitle "playchess.com"]
[Source "ChessBase"]
[SourceQuality "1"]

{[%evp 9,99,-18,-3,-12,0,0,0,0,0,-14,-15,-12,-9,-30,-4,-1,-13,-18,-3,-2,0,-16,-16,-17,0,0,0,6,3,3,3,7,35,29,32,3,45,6,30,22,24,21,37,0,0,0,0,0,0,0,0,0,0,0,0,0,0,0,0,0,0,-8,-8,-8,-8,-8,-8,-8,0,0,0,-8,-8,-8,-8,-8,-8,-8,-8,-8,8,8,8,8,8,8,8,8,8,0,0,0]} 1. c4 Nf6 2. Nc3 e5 3. g3 Bb4 4. e4 O-O 5. Nge2 b5 6. cxb5 {A22: English Opening: 1...e5 2 Nc3 Nf6.} a6 {[#]} 7. b6 $146 ({Predecessor:} 7. Bg2 axb5 8. O-O Bb7 9. d4 exd4 10. Nd5 Nxd5 11. exd5 c5 12. dxc6 dxc6 13. Nxd4 {1-0 (21) Gordon,S (2520)-Congiu,M (2194) Barcelona 2019}) 7... cxb6 8. Bg2 Nc6 9. O-O Bc5 10. d3 d6 11. h3 Bd7 12. Be3 Bxe3 13. fxe3 Ne7 14. d4 b5 15. dxe5 dxe5 16. Qd6 Ng6 17. Nd5 Be6 18. Qxd8 Rfxd8 19. Nec3 Ne8 20. a4 Nd6 21. h4 Bg4 22. Rfc1 h5 23. Bf1 Rac8 24. axb5 axb5 25. Bd3 Nc4 26. Nxb5 (26. b4 {is more complex.} Nxe3 27. Bxb5 Nxd5 28. Nxd5 Rb8 29. Bc6) 26... Nxb2 {The position is equal.} 27. Bf1 Rxc1 28. Rxc1 Rc8 29. Rxc8+ (29. Ra1 {is interesting.} Rc6 30. Ra8+ Kh7 31. Ra7 Rc1 32. Kg2) 29... Bxc8 30. Be2 Bg4 31. Bxg4 hxg4 $11 {[%mdl 4096] Endgame KNN-KNN} 32. Nd6 Nd3 33. h5 Nh8 34. h6 gxh6 35. Nf5 Kh7 36. Nf6+ $1 Kg6 37. Nxg4 h5 38. Nf2 Nxf2 (38... Nc5 {seems wilder.} 39. Kg2 f6 40. Kh3 Kg5 41. Nd6 Ne6) 39. Kxf2 {KN-KN} f6 40. Kf3 Nf7 41. Kg2 Ng5 42. Nd6 Kg7 43. g4 hxg4 44. Kg3 {[#]} Nxe4+ $1 {[%mdl 512]} 45. Nxe4 {KN-K3P} f5 46. Nf2 f4+ 47. exf4 exf4+ 48. Kxf4 g3 49. Kf3 gxf2 50. Kxf2 {Accuracy: White = 92%, Black = 92%.} 1/2-1/2

[Event "Chess24 Legends of Chess"]
[Site "Online"]
[Date "2020.07.18"]
[Round "7.3"]
[White "Leko, Peter"]
[Black "Nepomniachtchi, Ian"]
[Result "1/2-1/2"]
[WhiteElo "2710"]
[BlackElo "2778"]
[Annotator "TA"]
[PlyCount "77"]
[EventDate "2020.07.21"]
[EventType "tourn"]
[SourceTitle "playchess.com"]
[Source "ChessBase"]
[SourceQuality "1"]

{[%evp 9,77,0,0,0,0,0,0,0,0,0,0,0,0,0,0,0,0,0,0,0,0,0,0,0,0,0,0,0,0,0,3,0,6,2,6,5,10,11,11,11,11,11,21,12,12,12,13,12,12,13,22,22,25,25,25,0,0,0,0,0,0,0,0,0,0,0,0,0,0,0]} 1. Nf3 Nf6 2. c4 c5 3. d4 cxd4 4. Nxd4 Nc6 5. g3 e5 6. Nb5 {A31: Symmetrical English: 2 Nf3 Nf6 3 d4.} Bb4+ 7. N1c3 d6 $1 8. a3 Bxc3+ 9. Nxc3 Be6 $1 10. Bg2 Bxc4 11. Bg5 O-O 12. Rc1 Rc8 13. Bxf6 {[#]} Qxf6 $146 ({Predecessor:} 13... gxf6 14. O-O Be6 15. e3 f5 16. Qh5 Kh8 17. Nd5 Rg8 18. b4 e4 19. Rfd1 Ne5 20. Rxc8 Bxc8 {½-½ (30) Cardelli,G (2357)-Verhoef,H (2443) ICCF email 2016}) 14. Ne4 Qe6 {[#] And now ...Nd4 would win.} 15. Rxc4 $1 {[%mdl 576] Decoy} Qxc4 16. Nxd6 {[%mdl 64] Double Attack} Qa2 {White must now prevent ...Rcd8.} 17. Nxc8 Rxc8 18. O-O {With the idea Qd7.} Qxb2 19. Qd7 Rd8 20. Qc7 Qb6 21. Qxb6 axb6 $11 {[%mdl 4096] Endgame KRB-KRN} 22. Rb1 g6 23. Rxb6 Rd1+ 24. Bf1 Ra1 25. Rxb7 Rxa3 26. e3 Ra7 27. Rb6 Ne7 28. g4 Kg7 29. Kg2 g5 30. Bd3 Ng6 31. Rb5 Kf6 32. Be4 (32. Rb4 {is more complex.} h6 33. Bc4 Ne7 34. Rb6+ Kg7 35. Kf3) 32... Ra4 {The position is equal.} 33. Bxg6 (33. Bf3 {is interesting.} Nh4+ 34. Kg3 Nxf3 35. Kxf3 Ra2 36. Rc5) 33... hxg6 {KR-KR} 34. h3 Ke6 35. Rb6+ Ke7 36. Rb7+ Ke6 37. Rb6+ $1 Ke7 38. Rb7+ Ke6 39. Rb6+ {Not much happened in this game. Accuracy: White = 97%, Black = 100%.} 1/2-1/2

[Event "Chess24 Legends of Chess"]
[Site "Online"]
[Date "2020.07.18"]
[Round "7.3"]
[White "Gelfand, Boris"]
[Black "Anand, Viswanathan"]
[Result "1/2-1/2"]
[WhiteElo "2702"]
[BlackElo "2751"]
[Annotator "TA"]
[PlyCount "91"]
[EventDate "2020.07.21"]
[EventType "tourn"]
[SourceTitle "playchess.com"]
[Source "ChessBase"]
[SourceQuality "1"]

{[%evp 11,91,12,20,20,19,-6,-8,-3,0,0,23,16,24,18,10,23,85,82,92,83,87,54,60,54,62,56,64,90,69,87,79,46,77,12,21,-93,-100,-106,-87,-89,-95,-144,-110,-115,-119,-142,-130,-135,-134,-125,-129,-137,-124,-132,-132,-133,-131,-126,-91,-83,8,8,8,8,8,8,8,8,8,0,0,0,0,0,0,0,0,0,0,0,0,0]} 1. d4 Nf6 2. c4 e6 3. Nf3 d5 4. g3 Bb4+ 5. Bd2 Be7 6. Bg2 O-O 7. Qc2 {E11: Bogo-Indian.} Nbd7 {[#]} 8. h4 $146 ({Predecessor:} 8. O-O c6 9. Rd1 b6 10. b3 a5 11. Bc3 Ne4 12. Bb2 Ba6 13. Ne1 f5 14. Nd2 Bd6 15. Nd3 Qf6 16. Nf3 Rac8 17. Rac1 Qe7 18. Nfe5 Nxe5 19. Nxe5 {½-½ (42) Wojtaszek,R (2719)-Kashlinskaya,A (2494) chess.com INT 2020}) 8... dxc4 9. Qxc4 c5 10. O-O b5 11. Qxb5 Rb8 12. Qa4 Rxb2 13. Qxa7 Bb7 (13... cxd4 $11 14. Qxd4 Rb8) 14. Bc3 $16 Qb6 15. Qxb6 Rxb6 16. a4 Ra8 17. Rc1 Rba6 18. a5 cxd4 19. Nxd4 Bxg2 20. Kxg2 Ne4 21. Be1 Nec5 {Threatening ...Bf6.} 22. Nd2 (22. Ra3 $16) 22... Bf6 $11 23. N2f3 {[#]} (23. e3 $11 {remains equal.}) 23... e5 $1 $17 24. Nb5 {[#]} Nb3 $1 {[%csl LRa1,LRa5,LRc1][%mdl 64] Double Attack} 25. Rd1 Nxa1 26. Nc7 Nf8 27. Rxa1 {Hoping for e4.} e4 $1 {[%csl LRa1,LRf3]} 28. Ra4 {Nh2 is the strong threat.} exf3+ 29. Kxf3 Ne6 30. Nxa8 Rxa8 31. e3 Bd8 32. Ra2 Kf8 33. Ke4 Nc5+ 34. Kd5 Nd3 35. Bc3 Bxa5 (35... Bf6 $17 36. Kc4 Bxc3 37. Kxc3 Ne5) 36. Bxa5 {[%mdl 4096] Endgame Threatens to win with Kd4. KRB-KRN. The position is equal.} Ke8 $1 {White should prevent ...Nb4+.} 37. Kc6 Nb4+ 38. Kb7 {Strongly threatening Ra3.} Nxa2 39. Kxa8 $11 {KB-KN} Nc1 $1 40. Kb7 Nd3 41. Kc6 Nxf2 42. Kd5 Ng4 43. Ke4 Kd7 44. Bc3 g6 45. Kf4 h5 46. e4 {Accuracy: White = 86%, Black = 88%.} 1/2-1/2

[Event "Chess24 Legends of Chess"]
[Site "Online"]
[Date "2020.07.18"]
[Round "7.3"]
[White "Ivanchuk, Vasyl"]
[Black "Kramnik, Vladimir"]
[Result "0-1"]
[WhiteElo "2686"]
[BlackElo "2756"]
[Annotator "TA"]
[PlyCount "84"]
[EventDate "2020.07.21"]
[EventType "tourn"]
[SourceTitle "playchess.com"]
[Source "ChessBase"]
[SourceQuality "1"]

{[%evp 10,84,20,22,41,45,60,26,40,35,62,55,66,56,55,43,73,32,59,25,152,31,157,156,136,0,0,0,25,0,0,3,46,43,57,60,207,223,224,211,196,26,12,0,0,0,0,-18,-20,-19,-20,-32,0,-58,-16,-10,-8,-46,-23,-50,-46,-46,-46,-46,-46,-218,-160,-339,-344,-331,-304,-290,-295,-1123,-1077,-12836,-12835]} 1. d4 Nf6 2. c4 c5 3. Nf3 cxd4 4. Nxd4 e6 5. Nc3 a6 6. Bg5 Qa5 {A32: Symmetrical English: 2 Nf3 Nf6 3 d4 cxd4 4 Nxd4 e6.} 7. Bxf6 gxf6 8. a3 Nc6 {White has an edge.} 9. e3 {[#]} h5 $146 ({Predecessor:} 9... f5 10. g3 Bg7 11. Bg2 Qb6 12. Na4 Qc7 13. O-O d6 14. Rc1 Bd7 15. c5 Nxd4 16. exd4 {1-0 (41) Andreikin,D (2737)-Ponkratov,P (2607) Tallinn 2016}) 10. Be2 h4 11. O-O f5 12. b4 Qe5 13. Rc1 Rg8 14. c5 (14. Nf3 $5 {[%cal Rf3e5]} Qg7 15. g3 $11) 14... Bh6 (14... d5 $11) 15. Bf3 (15. Nf3 $16 Qg7 16. Ne1 (16. Nxh4 Bg5 $11)) 15... f4 ({Black should try} 15... d5 $1 $14) 16. Nxc6 bxc6 17. Qd4 (17. Ne4 $16) 17... Qxd4 $11 18. exd4 h3 19. Rfe1 Kd8 20. Ne4 Kc7 (20... f5 $5 {[%cal Rf5e4]} 21. Nd6 Kc7 $15) 21. Nd6 ({But not} 21. Nf6 Rh8 $11) 21... f6 22. a4 Rb8 (22... f5 $1 $14) 23. b5 $1 $18 axb5 24. axb5 cxb5 25. Ra1 $2 (25. d5 $1 $18) 25... Bf8 $1 $11 {[%cal Rf8d6]} 26. Ne8+ Kd8 27. Nxf6 Rg6 28. Ng4 (28. Nh5 $5 {[%cal Rh5f4]}) 28... Bg7 {aiming for ...Bb7.} 29. Ne5 Bxe5 $1 30. Rxe5 b4 {[%cal Bb5b4,Bb4b3,Bb3b2][%mdl 32]} 31. g3 (31. Rh5 $1 $11) 31... fxg3 32. hxg3 b3 33. Rb1 Rf6 34. Be4 {[#]} h2+ $1 {[%mdl 512]} 35. Kg2 $1 (35. Kxh2 Rxf2+) 35... Rh6 $36 {[%mdl 2048] Black is pushing.} 36. Kh1 $1 Rb4 {Strongly threatening ...b2.} 37. d5 $2 (37. g4 $15) 37... b2 $19 {White must now prevent ...Rc4.} 38. f3 $2 {[#]} (38. dxe6 $17 dxe6 39. f3) 38... Rc4 $1 {[%cal Rc4c1] ( -> ...Rc1+)} 39. Bd3 {[#]} Rc3 $1 {[%cal Rc3d3]} ({Not} 39... Rxc5 40. Ree1 $19) 40. Bf1 Rxf3 41. Bg2 $2 (41. g4) 41... Rf2 42. Re3 {[#]} Rxg2 $1 {[%mdl 512] What a fight! Accuracy: White = 50%, Black = 64%.} 0-1